000 00461nam a2200181Ia 4500
008 230524s9999 xx 000 0 und d
020 _a9788181289384
082 _a4.162
_bNIE
100 _aRalf Niemann
245 0 _aHardware/ Software Co-Design For Data Flow Dominated
250 _aIST
260 _aNEW DELHI
_bSpringer
_c2008
300 _aXII;191
500 _aQuantity Number: 10
650 _aComp-Sc
700 _a Peter Marwedel
942 _cBK
999 _c41830
_d41830